Fundamentos de marketing (Registro nro. 2922)

Detalles MARC
000 -LEADER
fixed length control field 01940 a2200265 4500
001 - CONTROL NUMBER
control field 38742
005 - DATE AND TIME OF LATEST TRANSACTION
control field 20260407155648.0
008 - FIXED-LENGTH DATA ELEMENTS--GENERAL INFORMATION
fixed length control field 260407a1989 arg spa d
003 - CONTROL NUMBER IDENTIFIER
control field AR-UNSa-BCEJYS
040 ## - CATALOGING SOURCE
Original cataloging agency AR-UNSa-BCEJYS
Language of cataloging spa
Transcribing agency AR-UNSa-BCEJYS
080 ## - UNIVERSAL DECIMAL CLASSIFICATION NUMBER
Universal Decimal Classification number 658.8
Common auxiliary subdivision Organización de mercados. Marketing. Ventas. Distribución
020 ## - INTERNATIONAL STANDARD BOOK NUMBER
International Standard Book Number 970-10-0894-4
100 1# - MAIN ENTRY--PERSONAL NAME
Personal name Rosas Sánchez, Maria Elena
245 10 - TITLE STATEMENT
Title Fundamentos de marketing
250 ## - EDITION STATEMENT
Edition statement 6a. ed.
264 #1 - PRODUCTION, PUBLICATION, DISTRIBUTION, MANUFACTURE, AND COPYRIGHT NOTICE
Place of production, publication, distribution, manufacture México :
Name of producer, publisher, distributor, manufacturer McGraw-Hill
Date of production, publication, distribution, manufacture, or copyright notice 1989
300 ## - PHYSICAL DESCRIPTION
Extent XXIX, 885 p.
Dimensions 25 cm.
505 ## - FORMATTED CONTENTS NOTE
Formatted contents note Parte I: El marketing moderno y su ambiente: 1. El campo del marketing - 2. El ambiente del marketing - 3. Planeación estratégica y pronósticos - 4. Investigación e información de mercados - Parte II: Mercados meta: 5. Segmentación del mercado y estrategias relacionadas - 6. Comportamiento de compra del consumidor - 7. El mercado empresarial - Parte III: Productos: 8. Planeación y desarrollo del producto - 9. Estrategias de la mezcla de productos - 10. Marcas, empaques y otras carcaterísticas del producto - Parte IV: Precio: 11. Determinación del precio - 12. Estrategias de precios - Parte V: Distribución : 13. Canales de distribución - 14. Venta al detalle - 15. Venta al mayoreo y distribución física - Parte VI: Promoción: 16. El programa promocional - 17. Venta personal y administración de ventas - 18. Publicidad, promoción de ventas y relaciones públicas - Parte VII: Marketing en campos especiales: 19. Marketing de servicios en empresas lucrativas y no lucrativas - 20. Marketing internacional - Parte VIII: Dirección del programa de marketing: 21. Instrumentación y evaluación del marketing - 22. Evaluación y perspectiva del marketing.
590 ## - LOCAL NOTE (RLIN)
Local note niveau_biblio:m niveau_hierar:0
700 1# - ADDED ENTRY--PERSONAL NAME
Personal name Stanton, William J.
700 1# - ADDED ENTRY--PERSONAL NAME
Personal name Etzel, Michel J.
700 1# - ADDED ENTRY--PERSONAL NAME
Personal name Mercado Villagra, Salvador
700 1# - ADDED ENTRY--PERSONAL NAME
Personal name Walker, Bruce J.
942 ## - ADDED ENTRY ELEMENTS (KOHA)
Koha item type
Existencias
Withdrawn status Lost status Damaged status Not for loan Home library Current library Shelving location Date acquired Total checkouts Full call number Barcode Date last seen Price effective from Koha item type
        Biblioteca Prof. Eusebio Cleto del Rey Biblioteca Prof. Eusebio Cleto del Rey   07/04/2026   658.8 S792f 6ed. L70426 07/04/2026 07/04/2026 Libro
        Biblioteca Prof. Eusebio Cleto del Rey Biblioteca Prof. Eusebio Cleto del Rey   07/04/2026   658.8 S792f 6ed. L86312 07/04/2026 07/04/2026 Libro
        Biblioteca Prof. Eusebio Cleto del Rey Biblioteca Prof. Eusebio Cleto del Rey   07/04/2026   658.8 S792f 6ed. L86314 07/04/2026 07/04/2026 Libro
        Biblioteca Prof. Eusebio Cleto del Rey Biblioteca Prof. Eusebio Cleto del Rey   07/04/2026   658.8 S792f 6ed. L86311 07/04/2026 07/04/2026 Libro
        Biblioteca Prof. Eusebio Cleto del Rey Biblioteca Prof. Eusebio Cleto del Rey   07/04/2026   658.8 S792f 6ed. L70428 07/04/2026 07/04/2026 Libro
        Biblioteca Prof. Eusebio Cleto del Rey Biblioteca Prof. Eusebio Cleto del Rey   07/04/2026   658.8 S792f 6ed. L70430 07/04/2026 07/04/2026 Libro
        Biblioteca Prof. Eusebio Cleto del Rey Biblioteca Prof. Eusebio Cleto del Rey   07/04/2026   658.8 S792f 6ed. L86315 07/04/2026 07/04/2026 Libro
        Biblioteca Prof. Eusebio Cleto del Rey Biblioteca Prof. Eusebio Cleto del Rey   07/04/2026   658.8 S792f 6ed. L70431 07/04/2026 07/04/2026 Libro
        Biblioteca Prof. Eusebio Cleto del Rey Biblioteca Prof. Eusebio Cleto del Rey   07/04/2026   658.8 S792f 6ed. L86313 07/04/2026 07/04/2026 Libro
        Biblioteca Prof. Eusebio Cleto del Rey Biblioteca Prof. Eusebio Cleto del Rey   07/04/2026   658.8 S792f 6ed. L70427 07/04/2026 07/04/2026 Libro
        Biblioteca Prof. Eusebio Cleto del Rey Biblioteca Prof. Eusebio Cleto del Rey   07/04/2026   658.8 S792f 6ed. L86316 07/04/2026 07/04/2026 Libro
        Biblioteca Prof. Eusebio Cleto del Rey Biblioteca Prof. Eusebio Cleto del Rey   07/04/2026   658.8 S792f 6ed. L70429 07/04/2026 07/04/2026 Libro